00754nam a2200181 a 450000100100000000500170001000800410002704000250006810000370009324501090013026000450023930000200028450400260030404900090033095201050033995201110044499900170055500002909420200930055328.0110413s1997 dr 000 0 spa d aDO-SdBNPbspacBNPHU1 aSánchez, Angel Salvador93086314aLas drogas, los adictos y educación curativa :bprevención y solución /cSánchez Angel Salvador. a[Santo Domingo] :bEditora Alfau,c1997. a59 p. ;c21 cm. aBibliografía: p. 59 aBNPD 0010718PDaPDbPDcCTd2011-04-13iLF1l0o p29094-10r2020-06-25w2020-06-25yLFPDZNo se presta 0010718PDaPDbPDcCTd2011-04-14iLF1l0o p29094-20r2020-06-25te. 2w2020-06-25yLFPDZNo se presta c28586d28586